Laboratorio de Química general

Bibliographic Details
Main Authors: Delgado Ortiz, Sara E., Solís Trinta, Luz N., Muñoz Solía, Yldefonso
Format: Section = Libro
Language:Undetermined
Spanish
Published: México McGraw-Hill 2012
Subjects:
LEADER 00710nam a2200253Ia 4500
008 240830s9999 xx 000 0 und d
020 |a 978-607-15-0682-5 
040 |a B-ESTELÍ- RUACS / 542.1 D325 
041 |a spa 
082 |a 542.1 D325 
100 1 |a Delgado Ortiz, Sara E. 
100 1 |b  Solís Trinta, Luz N. 
100 1 |c  Muñoz Solía, Yldefonso 
245 1 0 |a Laboratorio de Química general 
260 |a México  |b McGraw-Hill  |c 2012 
300 |a 374 p. :il 
650 7 |a MANUAL DE LABORATORIO 
650 7 |b  QUÍMICA GENERAL 
650 7 |c  LABORATORIO DE QUÍMICA 
650 7 |d  PRUEBAS QUÍMICA 
650 7 |e EXPERIMENTOS DE QUÍMICA 
942 |c BK  |2 ddc 
991 |a TEXTO 
999 |c 11059